| 000 | 004590000a22001690004500 | ||
|---|---|---|---|
| 003 | MACL | ||
| 005 | 20160108173529.0 | ||
| 008 | 160108b xxu||||| |||| 00| 0 eng d | ||
| 040 |
_aMACL _cMACL |
||
| 041 | _aEnglish | ||
| 082 | _a800/NAY | ||
| 100 |
_aNayar, Kuldip _924723 |
||
| 245 |
_aThe Judgement _bInside story of the Emergency in India |
||
| 260 |
_bVikas Publishing House _c1977 _aNew Delhi |
||
| 650 |
_aLiterature _930118 |
||
| 942 |
_cBK _k800/NAY _2ddc |
||
| 999 |
_c33877 _d33877 |
||